书目信息 |
| 题名: |
社会主义全民所有制研究
|
|
| 作者: | 林岗 著 | |
| 分册: | ||
| 出版信息: | 北京 求实出版社 1987 |
|
| 页数: | 295页 | |
| 开本: | 19cm | |
| 丛书名: | ||
| 单 册: | ||
| 中图分类: | F042.2 | |
| 科图分类: | ||
| 主题词: | 社会主义全民所有制--研究 | |
| 电子资源: | ||
| ISBN: | 7-80033-002-8 | |
| 000 | 00786nam0 2200241 45 | |
| 001 | 0187001069 | |
| 005 | 20040421090211.5 | |
| 010 | @a7-80033-002-8@dCNY1.55 | |
| 100 | @a19900808d1987 kemy0chiy0121 ea | |
| 101 | 0 | @achi |
| 102 | @aCN@b110000 | |
| 105 | @ay z 000yy | |
| 106 | @ar | |
| 200 | 10 | @a社会主义全民所有制研究@Ashe hui zhu yi quan min suo you zhi yan jiu@e对一种生产关系和经济过程的分析@f林岗著 |
| 210 | @a北京@c求实出版社@d1987 | |
| 215 | @a295页@d19cm | |
| 517 | 1 | @a对一种生产关系和经济过程的分析@Adui yi zhong sheng chan guan xi he jing ji guo cheng de fen xi |
| 606 | @a社会主义全民所有制@x研究 | |
| 690 | @aF042.2@v3 | |
| 701 | 0 | @a林岗@Alin gang@4著 |
| 801 | 0 | @aCN@b深圳图书馆@c20040421 |
| 801 | 2 | @aCN@bNLC@c20040421 |
| 905 | @f2@b207210-211@dF042.2@e76 | |
| 社会主义全民所有制研究:对一种生产关系和经济过程的分析/林岗著.-北京:求实出版社,1987 |
| 295页;19cm |
| ISBN 7-80033-002-8:CNY1.55 |
| ● |
| 相关链接 |
|
|
|
|
正题名:社会主义全民所有制研究
索取号:F042.2/76
 
预约/预借
| 序号 | 登录号 | 条形码 | 馆藏地/架位号 | 状态 | 备注 |
| 1 | 0207210 | 000193686 | 密集书库/ [索取号:F042.2/76] | 在馆 | |
| 2 | 0207211 | 000193864 | 第一借阅区/ [索取号:F042.2/76] | 在馆 | |
| 3 | 0207212 | 000193677 | 第一样本阅览室/ [索取号:F042.2/76] | 在馆 |